IPD UK annual property index (Record no. 107975)

MARC details
000 -LEADER
fixed length control field 00850cad a22002295a 4500
001 - CONTROL NUMBER
control field L142795
008 - FIXED-LENGTH DATA ELEMENTS--GENERAL INFORMATION
fixed length control field 071219s2007 xxkad f s 000 0 eng d
035 ## - SYSTEM CONTROL NUMBER
System control number (Sirsi) u142795
041 0# - LANGUAGE CODE
Language code of text/sound track or separate title eng
050 04 - LIBRARY OF CONGRESS CALL NUMBER
Classification number 333.33 $2 18
110 2# - MAIN ENTRY--CORPORATE NAME
Corporate name or jurisdiction name as entry element Investment Property Databank
9 (RLIN) 2288
245 00 - TITLE STATEMENT
Title IPD UK annual property index
Remainder of title end December 2007
Medium [electronic resource]
260 ## - PUBLICATION, DISTRIBUTION, ETC.
Place of publication, distribution, etc. London
Name of publisher, distributor, etc. IPD
Date of publication, distribution, etc. 2007
490 #0 - SERIES STATEMENT
Series statement IPD UK Annual Index
Volume/sequential designation end December 2007
520 ## - SUMMARY, ETC.
Summary, etc. Reports the largest fall in direct property investments since 1990; the index stood at -3.4 for 2007.
590 ## - LOCAL NOTE (RLIN)
Local note KA NTK
650 24 - SUBJECT ADDED ENTRY--TOPICAL TERM
Topical term or geographic name entry element IPD UK ANNUAL PROPERTY INDEX
651 #4 - SUBJECT ADDED ENTRY--GEOGRAPHIC NAME
Geographic name United Kingdom
Chronological subdivision
690 ## - LOCAL SUBJECT ADDED ENTRY--TOPICAL TERM (OCLC, RLIN)
Topical term or geographic name as entry element PROPERTY-COMMERCIAL PROPERTY-COMMERCIAL PROPERTY MARKET
856 40 - ELECTRONIC LOCATION AND ACCESS
Uniform Resource Identifier <a href="https://www.ipd.com/">https://www.ipd.com/</a>
Public note View this report free of charge under indices at www. ipd.com...
942 ## - ADDED ENTRY ELEMENTS (KOHA)
Suppress in OPAC 0

No items available.